Nekalé obchodné praktiky podnikateľov v online prostredí bakalárska práca

Uložené v:
Podrobná bibliografia
Hlavný autor: Kéry, Petra
Korporativný autor: Obchodná fakulta EU. Katedra obchodného práva
Ďalší autori: Veterníková, Mária, 1964-
Médium: Kniha
Jazyk:Slovak
Vydavateľské údaje: Bratislava 2024
Tagy: Pridať tag
Žiadne tagy, Buďte prvý, kto otaguje tento záznam!

MARC

LEADER 00000nbm a2200000 4500
001 0302515
005 20241122133115.8
041 0 |a slo 
044 |a SK 
245 1 0 |a Nekalé obchodné praktiky podnikateľov v online prostredí  |b bakalárska práca  |c Petra Kéry ; školiteľ: Mária Veterníková 
264 1 |a Bratislava  |c 2024 
300 |a 49 s. 
100 1 |a Kéry, Petra 
700 1 |a Veterníková, Mária, 1964- 
710 2 |a Obchodná fakulta EU. Katedra obchodného práva